000 00655nam a2200277Ia 4500
005 20260324140500.0
008 008 260324s9999 xx 000 0 eng d
020 _a9781315809717
037 _aEBOOK
040 _aCRL
040 _beng
040 _cCRL
041 _2eng
041 _aeng
084 _qCRL
100 _aPeter Titelman
_91160208
245 0 _aClinical Applications of Bowen Family Systems Theory
260 _bTaylor and Francis
260 _c1998
365 _a
365 _b170
856 _uhttp://www.taylorfrancis.com/books/9781315809717
942 _cEBOOK
999 _c1806695
_d1806695